000 00461nam a2200157 a 4500
005 20140412111304.0
008 001120s19uu xx 00 eng d
020 _a0-590-30467-4
050 _aTR(GS 372.3
_bSc26 1981
245 _aScience worksheets /
_cillustrated by Beth Savage.
260 _aNew York :
_bScholastic,
_c1981.
300 _a41 p.
440 _aScholastic Early Childhood Program
650 _aScience - study and teaching
999 _c103611
_d103611